000 00545nam a2200205Ia 4500
003 GCL
005 20240530110923.0
008 140319s1997 -hkf 000 0 eng d
020 _a1564963705
040 _aGCL /
_cGCL
082 0 4 _a751.422/
_bS P
100 1 _aSchlemm, Betty Lou
245 1 0 _aPainting Composition /
_cBetty Lou Schlemm
260 _aHong Kong :
_bQuarry Books،
_c1997.
300 _a143 P:
_bill ;
_c30 cm.
650 0 4 _aPAINTING
650 0 4 _a PAINTING
_xHISTORY
650 0 4 _aPAINTING
_xTECHNIQUE
942 _2ddc
_cBK
999 _c66525
_d66525